Statistics for Don Cheadle Movies

Click here to take the quiz!

General Stats

  • This quiz has been taken 7 times
  • The average score is 5 of 14

Answer Stats

Release YearCostarsMovie% Correct
2010Robert Downey Jr., Sam RockwellIron Man 2
86%
CrashSandra Bullock, Matt DillonCrash
71%
2001George Clooney, Brad PittOcean's Eleven
71%
1997Mark Wahlberg, Burt ReynoldsBoogie Nights
43%
2004Nick Nolte, Joaquin PhoenixHotel Rwanda
43%
1997Tommy Lee Jones, Keith DavidVolcano
43%
2001Hugh Jackman, Halle BerrySwordfish
29%
2011Brendan Gleeson, Mark StrongThe Guard
29%
2000Michael Douglas, Benicio del ToroTraffic
29%
1995Denzel Washington, Tom SizemoreDevil In a Blue Dress
14%
2012Denzel Washington, John GoodmanFlight
14%
2021Benicio del Toro, Ray LiottaNo Sudden Move
14%
1998George Clooney, Jennifer LopezOut of Sight
14%
2021LeBron James, Sonequa Martin GreenSpace Jam: A New Legacy
14%

Score Distribution

Percentile by Number Answered

Percent of People with Each Score

Your Score History

You have not taken this quiz